Регионална библиотека "Любен Каравелов" - Русе

Симфония № 7 («Ленинградская»). до мажор, соч. 60. (Запис номер 518373)

MARC детайли
000 -Лидер
Лидер 01261njm a2200265 a 4500
003 - Код на организацията, давaща контролен номер
Код на организацията, даваща контролен номер BLK
005 - Дата и час на последна редакция
Дата и час на последна редакция 20250401135844.0
007 - Фиксирано поле за физическо описани
Физическо описание sz bmmelaaahaa
008 - Елементи от данни с фиксирана дължина
Елементи с фиксирана дължина 241004b bul |a|er|||| |0| c|bulo|
028 ## - PUBLISHER NUMBER
Издателски номер С 01693-6
040 ## - Източник на каталожния запис
Код на библиотеката BLK
041 ## - Код за език
Език на записа Руски
Език за КДБФ Руски
080 ## - УДК
УДК текст Симфонии
УДК код 785.082.1
УДК – определител (086.72)
УДК – код + определител 785.082.1(086.72)
100 1# - Редна дума - Автор
R(LIN) 144053
Автор Шостакович, Дмитрий Дмитриевич
Години, свързани с автора 1906 - 1975
Биография на автора Руски композитор и пианист
245 ## - Сведения за заглавието
Заглавие Симфония № 7 («Ленинградская»). до мажор, соч. 60.
Подзаглавни данни посвящается городу Ленинграду
Авторска отговорност Д. Шостакович ; Государственный симфонический оркестр СССР ; дир. Е. Светланов.
260 ## - Област на издателските данни
Място на издаване Москва
Име на издателя Мелодия
Година на издаване 1968
9 (RLIN) 210743
300 ## - Физическа характеристика
Брой страници 2 грамофонни плочи 33 об/мин
Илюстрации стерео
Размер 30 см
380 ## - Жанр
Жанр Изкуство
650 #7 - Допълнително описание по предмет – тема
Предметна рубрика Симфонии
9 (RLIN) 170960
700 ## - Други автори (авторска отговорност)
Друг автор Светланов, Евгений Федорович
Дати, свързани с автора 1928 - 2002
9 (RLIN) 315710
852 ## - Местоположение
Сигнатура (форматна) Ф II 1957
Отдел Хранилище
856 4# - Електронен адрес и достъп
Електронен формат pdf - файл
Път до файла (ресурса)
Инструкция (цена за достъп) 0.00
Права за достъп disable
942 ## - АРТИКУЛИ
Вид на библиотечния документ Грамофонни плочи
Скрит в OPAC Не
944 ## - СЪЗДАВАНЕ И РЕДАКЦИЯ на ЗАПИСА
Дата на регистрацията/редакция Геновева Генчева
Служител, извършил регистрацията/редакцията 30560
Статус, дата на статуса Геновева Генчева
999 ## - СИСТЕМНИ КОНТРОЛНИ НОМЕРА
Koha biblionumber 518373
Koha biblioitemnumber 518373
Наличности
Код за отписване Код за изгубен артикул Източник на класификационната схема Код за повреда Коз за рестрикции Код за отдаване Артикулен № Име на библиотеката - собственик Име на библиотеката, в която се намира в момента Статус (Текущо местоположение) Дата на вписване в системата Местоположение - отдел Цена в лева Номерация (Хронология) Инвентарен номер Систематично азбучна сигнатура Баркод Цена в евро Служебен тип на артикула
  Не е изгубен Universal Decimal Classification Не е повреден само за читалня ползва се в читалня 950700 Регионална библиотека "Любен Каравелов" Русе Регионална библиотека "Любен Каравелов" Русе Хранилище 2024-10-04 Основен фонд - ползва се само за читалня 3.00 1 9148 Ф II 1957 900000107851 1.53 Грамофонни плочи
  Не е изгубен Universal Decimal Classification Не е повреден само за читалня ползва се в читалня 950701 Регионална библиотека "Любен Каравелов" Русе Регионална библиотека "Любен Каравелов" Русе Хранилище 2024-10-04 Основен фонд - ползва се само за читалня 3.00 2 9149 Ф II 1957 900000107852 1.53 Грамофонни плочи
Vip Innovations Ltd, Rousse, Bulgaria 2025